| 000 | 06466cam a22005415i 4500 | ||
|---|---|---|---|
| 001 | data | ||
| 005 | 20260322212103.0 | ||
| 006 | data | ||
| 007 | data | ||
| 008 | data | ||
| 035 | _a21939267 | ||
| 906 |
_a0 _bibc _corigres _du _encip _f20 _gy-gencatlg |
||
| 925 | 0 |
_aacquire _epcnspringer _xpolicy default |
|
| 010 | _a 2019770243 | ||
| 020 | _a9783319200040 | ||
| 024 | 7 |
_a10.1007/978-3-319-20004-0 _2doi |
|
| 035 | _a(DE-He213)978-3-319-20004-0 | ||
| 040 |
_aDLC _beng _erda _erda _cDLC |
||
| 072 | 7 |
_aMED085030 _2bisacsh |
|
| 072 | 7 |
_aMNP _2bicssc |
|
| 072 | 7 |
_aMNP _2thema |
|
| 082 | 0 | 4 |
_a617.952 _223 |
| 097 | 0 | 0 | _aRD118-120.5 |
| 245 | 0 | 0 |
_aAesthetic Plastic Surgery of the Abdomen / _cedited by Alberto Di Giuseppe, Melvin A. Shiffman. |
| 250 | _a1st ed. 2016. | ||
| 264 | 1 |
_aCham : _bImprint: Springer, _bImprint: Springer, _c2016. |
|
| 300 | _a1 online resource (XV, 556 pages 454 illustrations, 446 illustrations in color.) | ||
| 336 |
_atext _btxt _2rdacontent |
||
| 337 |
_acomputer _bc _2rdamedia |
||
| 338 |
_aonline resource _bcr _2rdacarrier |
||
| 347 |
_atext file _bPDF _2rda |
||
| 505 | 0 | _aHistory -- 1.History of abdominoplasty -- 2.Muscular anatomy of the abdominal wall -- 3.Vascular and neurologic anatomy of the abdominal wall -- 4.Anatomical illustration study of the abdominal wall and fat- techniques -- 5.The impact of the menstrual cycle on intra-operative and postoperative bleeding in abdominoplasty patients -- 6.The umbilical locator -- 7.Scarpa fascia preservation during abdominoplasty -- 8.Medial advancement of infra-umbilical scarpa's fascia improves waistline definition in "brazilian" abdominoplasty -- 9.Progressive tension sutures in abdominoplasty -- 10.Evolution of the high-superior-tension lipoabdominoplasty: the high tension abdominoplasty -- 11.Lipoabdominoplasty with abdominal definition -- 12."Smile" plication abdominoplasty -- 13.Anchor line abdominoplasty -- 14.Circumferential abdominoplasty -- 15.A paradigm shift for abdominoplasty: transverse hypogastric plication without supraumbilical dissection, unrestricted liposuction, neoumbilicoplasty and low placement of the scar (tulua) -- 16.Abdominoplasty combined with cesarean section: discussion of the evidence -- 17.Lipoabdominoplasty -- 18.Modified combined lipoabdominoplasty without surgical drains -- 19.Vaser lipoabdominoplasty -- 20.Effectiveness and safety of combining laser-assisted liposuction and abdominoplasty -- 21.Abdominal contouring associated with other procedures -- 22.Modified abdominoplasty for patients with prune belly syndrome -- 23.Vaser abdominal contouring -- 24.Abdominoplasty access for desmoid tumor resection in the rectus abdominis muscle -- 25.Abdominal wall repair post hernia in kidney and liver transplantation and after gunshot wound -- 26.Abdominoplasty as the patient impetus for selection of the deep inferior epigastric artery perforator free flap donor site -- 27.Umbilicoplasty without external scar -- postoperative -- 28.Metabolic effect of abdominoplasty in the lipid profile of patients with dyslipidemia -- 29.Weight reduction following abdominoplasty -- 30.Ventilatory function in patients who underwent abdominoplasty with plication of the aponeurosis of the external oblique -- 31.C-reactive protein decrease after postbariatric abdominoplasty- complications -- 32.Complications of abdominoplasty -- 33.Retrospective analysis of never events in panniculectomy and abdominoplasty patients and their financial implications -- 34.Tension suture technique combined with lidocaine-adrenalin-saline-infiltration decreases complications in abdominoplasty -- 35.Acute abdomen after abdominoplasty: differential diagnosis -- 36.The impact of the menstrual cycle on intra-operative and postoperative bleeding in abdominoplasty patients -- 37.Maximizing chemoprophylaxis against venous thromboembolism in abdominoplasty -- 38.A study of postural changes after abdominal rectus plication abdominoplasty -- 39.Abdominoplasty complications and seroma. From prevention to effective treatment -- 40.Delayed complications in abdominoplasty: a case of a ten-year-old abdominoplasty abscess: a case of a 10-year-old abdominoplasty abscess -- 41.Acute esophageal dilation mimicking serious pulmonary complication after post-bariatric abdominoplasty -- 42.Hematological variables and iron status in abdominoplasty after bariatric surgery -- 43.Increased intraoperative bleeding in patients undergoing abdominoplasty after gastroplasty is not due to coagulopathy or vascular anatomic changes -- outcomes, satisfaction -- 44.Comparison of short-term surgical outcomes between nhs and private sector abdominoplasty surgery -- 45.Outcomes of traditional cosmetic abdominoplasty in a community setting -- 46.Long-term ultrasonographic evaluation of midline aponeurotic plication during abdominoplasty -- 47.Complications and level of satisfaction after dermolipectomy and abdominoplasty post-bariatric surgery. | |
| 520 | _aThis comprehensive book covers anatomy, recent techniques, postoperative care, possible complications, and outcomes in aesthetic surgery of the abdomen. The extensive section on aesthetic procedures includes many important innovations in abdominoplasty. Detailed consideration is also given to the various potential complications, with guidance on their prevention, diagnosis, and management. The book is written by acknowledged experts in the topics on which they write. It will be of value for residents and fellows and more experienced surgeons in the fields of plastic surgery, general surgery, cosmetic surgery, and general surgery. | ||
| 588 | _aDescription based on publisher-supplied MARC data. | ||
| 650 | 0 | _aAbdominal surgery. | |
| 650 | 0 | _aPlastic surgery. | |
| 650 | 0 | _aSurgery. | |
| 650 | 1 | 4 |
_aPlastic Surgery. _0https://scigraph.springernature.com/ontologies/product-market-codes/H59087 |
| 650 | 2 | 4 |
_aAbdominal Surgery. _0https://scigraph.springernature.com/ontologies/product-market-codes/H5901X |
| 650 | 2 | 4 |
_aGeneral Surgery. _0https://scigraph.springernature.com/ontologies/product-market-codes/H59044 |
| 700 | 1 |
_aDi Giuseppe, Alberto, _eeditor. |
|
| 700 | 1 |
_aShiffman, Melvin A, _eeditor. |
|
| 776 | 0 | 8 |
_iPrint version: _tAesthetic plastic surgery of the abdomen _z9783319200033 _w(DLC) 2015949127 |
| 776 | 0 | 8 |
_iPrinted edition: _z9783319200033 |
| 776 | 0 | 8 |
_iPrinted edition: _z9783319200057 |
| 776 | 0 | 8 |
_iPrinted edition: _z9783319366463 |
| 985 |
_aspringerpcn _ebatch8 |
||
| 999 |
_c1491 _d1491 |
||